| 000 | 00638nam a22002057a 4500 | ||
|---|---|---|---|
| 999 |
_c5078 _d5078 |
||
| 003 | AR-CdUCM | ||
| 008 | 190311b ||||| |||| 00| 0 spa d | ||
| 040 |
_aMUNICIPALIDAD PROVINCIAL DEL CUSCO _cBIBLIOTECA MUNICIPAL DEL CUSCO |
||
| 082 |
_a460 / _bL432 |
||
| 100 |
_aLazzati, Santiago C. _915475 |
||
| 245 | _aDiccionario de parónimos castellanos / | ||
| 260 |
_aBuenos Aires : _bSopena Argentina, _c1958. |
||
| 300 |
_a270 páginas ; _c23 cm. |
||
| 505 | _aContenido: Tabla de abreviaturas. | ||
| 650 |
_aLengua española _91124 |
||
| 650 |
_aParonimos _915476 |
||
| 650 |
_aVocabulario _97962 |
||
| 942 |
_2ddc _cLIBROS |
||
| 945 | _acmm | ||